All FC Barcelona Goal Scorers since 1999/2000 - Statistics

General Stats
  • This quiz has been taken 78 times
  • The average score is 73 of 157
Answer Stats
Goals/Nationality Answer % Correct
672 / Argentina Lionel Messi
100%
195 / Uruguay Luis Suárez
100%
109 / Poland Robert Lewandowski
100%
8 / Spain Denis Suárez
98%
130 / Cameroon Samuel Eto'o
98%
105 / Brazil Neymar
95%
57 / Spain Andrés Iniesta
93%
83 / Spain Xavi
93%
26 / Spain Pedri
92%
19 / Netherlands Frenkie de Jong
89%
53 / Spain Gerard Piqué
89%
25 / Spain Lamine Yamal
89%
7 / Netherlands Luuk de Jong
89%
35 / Croatia Ivan Rakitic
87%
54 / Brazil Raphinha
87%
22 / Brazil Dani Alves
85%
22 / Sweden Zlatan Ibrahimović
85%
46 / Chile Alexis Sánchez
84%
48 / Spain David Villa
84%
99 / Spain Pedro
84%
94 / Brazil Ronaldinho
84%
19 / Spain Carles Puyol
80%
44 / Spain Ferran Torres
80%
10 / Spain Gavi
80%
1 / Argentina Javier Mascherano
80%
73 / Brazil Rivaldo
79%
18 / Spain Sergio Busquets
79%
27 / Spain Jordi Alba
77%
35 / France Antoine Griezmann
74%
14 / Netherlands Memphis Depay
74%
5 / Spain Pablo Torre
74%
49 / France Thierry Henry
72%
4 / Spain Aleix Vidal
69%
4 / Denmark Andreas Christensen
69%
11 / Chile Arturo Vidal
69%
10 / Uruguay Ronald Araújo
69%
2 / France Samuel Umtiti
69%
40 / France Ousmane Dembélé
67%
106 / Netherlands Patrick Kluivert
67%
29 / Spain Ansu Fati
66%
13 / Gabon Pierre-Emerick Aubameyang
66%
6 / Ivory Coast Yaya Touré
66%
7 / France Jules Koundé
64%
3 / USA Sergiño Dest
64%
2 / France Éric Abidal
62%
3 / Spain Iñigo Martínez
62%
14 / Portugal Luís Figo
62%
1 / Spain Pau Cubarsí
62%
19 / Spain Sergi Roberto
62%
41 / Spain Bojan Krkic
61%
6 / Spain Eric García
61%
1 / Spain Gerard Martín
61%
15 / Türkye Arda Turan
59%
11 / Spain Dani Olmo
59%
25 / Brazil Philippe Coutinho
59%
3 / Spain Alejandro Balde
57%
42 / Spain Cesc Fàbregas
57%
19 / Spain Dani García
57%
19 / Spain Fermín López
57%
5 / Germany İlkay Gündoğan
57%
7 / Spain Luis García
57%
1 / Spain Sergio García
57%
19 / Sweden Henrik Larsson
56%
7 / France Clément Lenglet
54%
2 / Portugal Nélson Semedo
54%
22 / Mali Seydou Keita
54%
3 / Ivory Coast Franck Kessié
52%
9 / Netherlands Frank de Boer
52%
2 / Netherlands Ronald de Boer
52%
1 / Spain Marc Casadó
51%
13 / Mexico Rafa Márquez
51%
4 / Portugal João Cancelo
49%
12 / Brazil Rafinha
49%
1 / Argentina Sergio Agüero
49%
3 / Portugal André Gomes
48%
17 / Brazil Adriano
46%
4 / Mexico Giovani dos Santos
46%
2 / Argentina Maxi López
46%
9 / Spain Gerard López
44%
10 / Portugal João Félix
44%
10 / Denmark Martin Braithwaite
44%
4 / France Jérémy Mathieu
43%
20 / Portugal Deco
41%
3 / Italy Gianluca Zambrotta
41%
72 / Argentina Javier Saviola
41%
53 / Spain Luis Enrique
41%
9 / Brazil Paulinho
41%
4 / Spain Pep Guardiola
41%
11 / Spain Thiago Alcántara
41%
1 / Cameroon Alex Song
39%
12 / Morocco Munir El Haddadi
39%
7 / Netherlands Giovanni van Bronckhorst
38%
2 / Brazil Maxwell
38%
4 / Netherlands Mark van Bommel
36%
1 / Spain Adama Traoré
34%
10 / Italy Thiago Motta
33%
1 / Belgium Thomas Vermaelen
33%
1 / Morocco Abde Ezzalzouli
31%
1 / Brazil Juliano Belletti
31%
3 / Spain Marcos Alonso
31%
19 / Netherlands Marc Overmars
31%
2 / Spain Nico González
31%
15 / Spain Paco Alcácer
31%
2 / Spain Pau Víctor
31%
19 / Iceland Eidur Gudjohnsen
30%
1 / France Emmanuel Petit
30%
3 / Portugal Francisco Trincão
30%
2 / Netherlands Ibrahim Afellay
30%
2 / Spain Marc Guiu
30%
4 / Brazil Arthur Melo
28%
2 / Argentina Gabriel Milito
28%
26 / France Ludovic Giuly
28%
6 / Spain Marc Bartra
28%
4 / Brazil Malcom
26%
2 / Spain Martín Montoya
26%
3 / Brazil Sylvinho
26%
1 / Netherlands Edgar Davids
25%
25 / Netherlands Phillip Cocu
25%
2 / Spain Riqui Puig
25%
6 / Argentina Juan Román Riquelme
23%
1 / Portugal Ricardo Quaresma
23%
7 / Spain Sandro Ramírez
23%
2/ Spain Carles Pérez
21%
20 / Spain Cristian Tello
21%
4 / Finland Jari Litmanen
21%
3 / Venezuela Jeffrén
21%
2 / France Lucas Digne
21%
2 / Spain Óscar Mingueza
21%
3 / Spain Carles Aleñá
20%
2 / Brazil Vitor Roque
20%
1 / Guinea Ilaix Moriba
18%
2 / Spain Junior Firpo
18%
1 / Spain Oleguer
18%
1 / Sweden Patrik Andersson
18%
4 / Spain Isaac Cuenca
16%
4 / Spain Abelardo
15%
2 / Spain Ferran Jutglà
13%
14 / Spain Gabri
13%
2 / Spain Gerard Deulofeu
13%
1 / Cameroon Jean Marie Dongou
11%
1 / Spain Nolito
11%
3 / Netherlands Boudewijn Zenden
10%
6 / Spain Gaizka Mendieta
10%
4 / Portugal Simão
10%
1 / Argentina Juan Pablo Sorín
8%
1 / Spain Andreu Fontàs
7%
3 / Brazil Fábio Rochemback
7%
3 / Brazil Geovanni
7%
8 / Spain Santiago Ezquerro
7%
2 / Spain Sergi Barjuan
7%
5 / Spain Alfonso
5%
3 / Spain José Manuel Arnáiz
5%
1 / Cameroon Wilfrid Kaptoum
5%
2 / Netherlands Winston Bogarde
5%
1 / Spain Fernando Navarro
2%
1 / Spain Víctor Vázquez
2%
1 / France Frédéric Déhu
0%
No matching quizzes found
Score Distribution
Percent of People with Each Score
Percentile by Number Answered
Your Score History
You have not taken this quiz